000 01625cad a2200289 4500
001 L159062
008 100215n2013 000 0 eng u
020 _a9781783210305
035 _a(Sirsi) u159062
041 _aeng
100 1 _aRegan, Michael
111 2 _aConstruction and Building Research Conference
_cIIT Delhi, New Delhi
_d10-12 September 2013
245 0 0 _aRelationship between state institutions and private participation in infrastructure in developing economies
_bA case study approach
_h[electronic resource]
260 _aLondon
_bRICS
_c2013
490 0 _aCOBRA
_v2013
520 _aA paper presented at the COBRA Conference in New Delhi on 10-12 September 2013. Examines the relationship between institutional development and the delivery of Public-Private Infrastructure projects using case studies in three developing and transition economies in Africa: Kenya, Nigeria and Algeria. The study attempts to identify the connection between basic and efficiency-enhancing state institutions and private investment in infrastructure services for the three countries given their present stage of development.
650 2 4 _aCONSTRUCTION AND BUILDING RESEARCH CONFERENCE (COBRA)
650 2 4 _aPUBLIC PRIVATE PARTNERSHIPS
650 2 4 _aDEVELOPING COUNTRIES
651 4 _aAfrica
690 _aProcurement
_96260
690 _aInfrastructure
_96246
700 1 _aSmith, Jim
700 1 _aLove, Peter
856 4 0 _uhttps://www.rics.org/Global/Paper%20146%20RELATIONSHIP%20BETWEEN%20STATE%20INSTITUTIONS%20AND%20PRIVATE%20PARTICIPATION.pdf
_zView this item free of charge at www.rics.org
942 _n0
999 _c115656
_d115656